Problemas de química y cómo resolverlos / (Registro nro. 62585)
[ vista simple ]
| 000 -LEADER | |
|---|---|
| fixed length control field | 00732nam a2200229 a 4500 |
| 001 - CONTROL NUMBER | |
| control field | 62585 |
| 005 - DATE AND TIME OF LATEST TRANSACTION | |
| control field | 20180714064653.0 |
| 008 - FIXED-LENGTH DATA ELEMENTS--GENERAL INFORMATION | |
| fixed length control field | 150518s2012 mx a r 000 0 spa d |
| 020 ## - INTERNATIONAL STANDARD BOOK NUMBER | |
| International Standard Book Number | 978-968-26-0073-9 |
| 041 ## - LANGUAGE CODE | |
| Language code of text/sound track or separate title | spa |
| 082 0# - DEWEY DECIMAL CLASSIFICATION NUMBER | |
| Classification number | 541 |
| Item number | FRE |
| 100 1# - MAIN ENTRY--PERSONAL NAME | |
| Personal name | Frey, Paul Reheard |
| Relator term | autor |
| 245 10 - TITLE STATEMENT | |
| Title | Problemas de química y cómo resolverlos / |
| Statement of responsibility, etc. | Paul R. Frey. |
| 250 ## - EDITION STATEMENT | |
| Edition statement | Primera edición |
| 264 #1 - PRODUCTION, PUBLICATION, DISTRIBUTION, MANUFACTURE, AND COPYRIGHT NOTICE | |
| Place of production, publication, distribution, manufacture | México : |
| Name of producer, publisher, distributor, manufacturer | Grupo Editorial Patria, |
| Date of production, publication, distribution, manufacture, or copyright notice | 2012 |
| 300 ## - PHYSICAL DESCRIPTION | |
| Extent | 319 páginas : |
| Other physical details | ilustraciones ; |
| Dimensions | 23 cm. |
| 336 ## - CONTENT TYPE | |
| Content type term | texto |
| Source | rdacontent |
| 337 ## - MEDIA TYPE | |
| Media type term | sin mediación |
| Source | rdamedia |
| 338 ## - CARRIER TYPE | |
| Carrier type term | volumen |
| Source | rdacarrier |
| 500 ## - GENERAL NOTE | |
| General note | (ISBN 13 dígitos, cambio de portada) |
| 650 #0 - SUBJECT ADDED ENTRY--TOPICAL TERM | |
| Topical term or geographic name entry element | Química |
| General subdivision | Problemas y ejercicios |
| Withdrawn status | Lost status | Source of classification or shelving scheme | Damaged status | Not for loan | Collection code | Home library | Current library | Shelving location | Date acquired | Source of acquisition | Inventory number | Total Checkouts | Total Renewals | Full call number | Barcode | Date last seen | Date last checked out | Price effective from | Koha item type |
|---|---|---|---|---|---|---|---|---|---|---|---|---|---|---|---|---|---|---|---|
| Dewey Decimal Classification | General | Biblioteca Karol Wojtyla | Biblioteca Karol Wojtyla | Sala general | 18/05/2015 | Compra | 151000000000000000038957 | 3 | 1 | 541 FRE 2012 | 93915 | 06/04/2026 | 14/06/2019 | 10/06/2015 | Libro | ||||
| Dewey Decimal Classification | General | Biblioteca Karol Wojtyla | Biblioteca Karol Wojtyla | Sala general | 18/05/2015 | Compra | 151000000000000000038956 | 2 | 541 FRE 2012 | 93914 | 05/01/2026 | 19/09/2019 | 08/06/2015 | Libro | |||||
| Dewey Decimal Classification | Consulta en sala | General | Tehuacán | Tehuacán | Sala general | 03/09/2015 | Compra | 541 FRE 1980 | 509941 | 08/01/2025 | 03/09/2015 | Reserva permanente |